Le théâtre grec - Statistiques

Statistiques générales
  • Ce quiz a été pris 19 fois
  • Le résultat moyen est 7 sur 12
Statistiques - réponses
Question Réponse % Correct
Comment s'appelle le genre de théâtre qui provoque le rire ? Comédie
94%
Après avoir tué son père, avec qui se marie Œdipe ? Sa mère
89%
Qui a écrit Œdipe et Antigone ? Sophocle
89%
Comment s'appelle le genre de théâtre qui provoque les larmes ? Tragédie
89%
Durant quel siècle le théâtre connait son apogée ? 5ème siècle av JC
78%
Quel auteur tragique a écrit une trilogie relatant le destin funeste d'Agamemnon et sa famille ? Eschyle
72%
Quel auteur tragique met en scène de nombreuses femmes troyennes, mettant en avant leur histoire et leur point de vue ? Euripide
67%
Quel auteur comique caricature Socrate ? Aristophane
56%
Quel est le nom de cette pièce ? Les Nuées
44%
Antigone fut condamnée par son oncle Créon, roi de Thèbes, pour avoir contre son ordre, enseveli son frère. Quelle a été sa condamnation ? Enterrée vivante
22%
Dans quelle pièce parle t-il des guerres médiques ? Les Perses
22%
En quelle année a été jouée la première pièce de théâtre ? 534 av JC
6%
Aucun quiz correspondant
Distribution des résultats
% des personnes avec chaque résultat
Percentile par nombre de réponses
Votre historique - résultats
Vous n’avez pas pris ce quiz